LEADER 00818nab a2200193 i 4500 001 000000260966 003 CaOOAMICUS 005 20050408000000.0 008 050408n xx uu u0 0und r 013 $a1831 040 $aSeMil$bita 245 10$aInterreligious Dialogue Toward Reconciliation in Macedonia and Bosnia. 500 $aWinter-Spring 2002. 700 1 $aMojzes, Paul.$0(OLS)http://semarc/name/21784 700 1 $aAppleby, R. Scott.$0(OLS)http://semarc/name/50819 700 1 $aJustenhoven, Heinz-Gerhard.$0(OLS)http://semarc/name/46027 700 1 $aSwidler, Leonard <1929- >.$0(OLS)http://semarc/name/21785 773 0 $t[2002].$dPhiladelphia : Temple University, copyr. 2003-2004.$w()137216 996 $6245$aInterreligious Dialogue Toward Reconciliation in Macedonia and Bosnia.$9(OLS)http://semarc/title/355395 LEADER 01142nam a2200229 4500 001 000000342786 003 CaOOAMICUS 005 20201106111619.0 008 201102s1959 it a 000 u ita r 040 $aSeMil$bita 100 1 $aCarlo : da Sezze .$0(OLS)http://semarc/name/10448 245 10$aAutobiografia, ovvero i fioretti di Frate Carlo raccontati da lui medesimo /$cSan Carlo da Sezze ; a cura del P. Severino Gori. 264 1$aRoma :$b[s.n.],$c1959. 300 $aXVIII, 326 p., [9] p. di tav. :$bill. ;$c22 cm 500 $aIn cop.: S. Carlo è ferito al cuore dall'Eucarestia di p. Ortensio Gionfra 600 04$aCarlo : da Sezze .$0(OLS)http://semarc/subject/3646 700 1 $aGori, Severino,$ecuratore.$0(OLS)http://semarc/name/82513 850 $aSeMil 852 $aSeMil$W1$xVenegono$y1$m3H II 538$j222646$B234090$CSeMilBibl$Z2$F234090 $81 996 $6245$aAutobiografia, ovvero i fioretti di Frate Carlo raccontati da lui medesimo$9(OLS)http://semarc/title/431666 996 $6264$aRoma :$b[s.n.]$9(OLS)http://semarc/publisher/29738